1733 1171 1108 1489 1015 1003 1990 1533 1928 1932 1616 1899 1893 1666 1141 1190 1376 1530 1308 1685 1053 1817 1248 1715 1668 1520 1509 1677 1659 1198 1628 1675 1750 1488 1224 1382 1861 1321 1549 1284 1684 1500 1222 1594 1519 1682 1179 1151 1562 1989 1812 1064 1570 1782 1422 1335 1870 1297 1012 1974 1683 1680 1012 1792 1470 1360 1150 1955 1811 1840 1802 1338 1010 1763 1526 1556 1391 1070 1066 1978 1643 1818 1762 1514 1508 1805 1529 1981 1779 1564 1479 1514 1355 1274 1447 1958 1589 1883 1548 BCNSPRNW ULIB Ver.6.0+V

เปลี่ยนเป็นภาษาไทย

Change to English
 แสดงรายละเอียดบรรณานุกรม
  กลับหน้าหลัก

Brief Record : Get Marc (ISO 2709) : E-mail record : QR code < ปิดหน้าต่าง
LEADER : 00000nam 2200000uu 4500
001    13399108846
003     ULIB
008    110315s2552||||th 000 0 tha d
020    9786161101732
060 04 W225.JT3^bส691ค 2552
245 00 คู่มือหลักประกันสุขภาพแห่งชาติ ปีงบประมาณ 2553 /^cสำนักงานหลักประกันสุขภาพแห่งชาติ
246 30 คู่มือหลักประกันสุขภาพแห่งชาติ
250    พิมพ์ครั้งที่ 1
260    นนทบุรี :^bสำนักงาน,^c2552
300    259 หน้า ;^c21 ซม.
500    เลขเรียกหนังสือใช้ปีเนื้อหาของข้อมูล
500    สำหรับผู้บริหาร/ผู้ปฎิบัติงาน/ผู้สร้างหลักประกันสุขภาพถ้วนหน้า
650  7 บริการสุขภาพ^vคู่มือ
650  7 ประกันสุขภาพ^vคู่มือ
653    หลักประกันสุขภาพแห่งชาติ
710 2  สำนักงานหลักประกันสุขภาพแห่งชาติ
945    ^p0^l0^i026708
945    ^p0^l0^i026706
945    ^p0^l0^i026709
945    ^p0^l0^i026707
995    ทศพร
999 ^a ใช้งานได้ทุกระบบ
รายการนี้ยังไม่มีแท็ก
คุณยังไม่ได้ล็อกอิน คุณสามารถมีกิจกรรมร่วมกับเว็บไซต์ได้ แต่ต้องล็อกอินก่อน ::
  ล็อกอิน

รายการสื่อสารสนเทศ

ลำดับที่ ประเภท เลขเรียก/บาร์โค้ด สถานที่ สถานะ
- ไม่พบข้อมูล -

BibComment


ยังไม่เคยถูกคอมเมนท์

คอมเมนท์ทรัพยากรรายการนี้
  คอมเมนท์: คู่มือหลักประกันส..


 Copyright 2026. Bcnsprnw @Library